Spell the Marvel Character #268 - Statistics

General Stats
  • This quiz has been taken 13 times
  • The average score is 11 of 16
Answer Stats
Picture Answer % Correct
Emma Frost
100%
Elektra
90%
Iceman
90%
Nightcrawler
90%
Spectrum
90%
Tigra
90%
Spider-Boy
80%
Ikaris
70%
Shang-Chi
70%
Thunderstrike
70%
Inferno
60%
Rachel Summers
60%
Enigma
50%
Mister Sensitive
50%
Valkyrie
50%
Miss Patriot
30%
No matching quizzes found
Score Distribution
Percent of People with Each Score
Percentile by Number Answered
Your Score History
You have not taken this quiz